[Event "WCO 2016"]
[Site "?"]
[Date "2016.09.11"]
[Round "9"]
[Board "17"]
[WhiteID "2209390"]
[White "Shirov Alexei"]
[BlackID "14602377"]
[Black "Beliavsky Alexander G"]
[Result "1-0"]
[BlackElo "2602"]
[WhiteElo "2673"]
[LiveChessVersion "1.4.8"]

1. e4 {[%clk 1:30:54]} e5 {[%clk 1:30:55]} 2. Nf3 {[%clk 1:31:19]} Nc6
{[%clk 1:31:21]} 3. Bb5 {[%clk 1:31:38]} a6 {[%clk 1:31:47]} 4. Ba4
{[%clk 1:32:01]} Nf6 {[%clk 1:32:11]} 5. O-O {[%clk 1:32:21]} Be7
{[%clk 1:32:33]} 6. Re1 {[%clk 1:32:39]} b5 {[%clk 1:32:56]} 7. Bb3
{[%clk 1:33:03]} d6 {[%clk 1:33:16]} 8. c3 {[%clk 1:33:29]} O-O {[%clk 1:33:38]}
9. h3 {[%clk 1:33:53]} Nb8 {[%clk 1:34:03]} 10. d4 {[%clk 1:31:53]} Nbd7
{[%clk 1:34:28]} 11. c4 {[%clk 1:25:48]} c6 {[%clk 1:28:35]} 12. Qc2
{[%clk 0:53:03]} Qc7 {[%clk 1:24:20]} 13. Nc3 {[%clk 0:52:22]} b4
{[%clk 1:10:16]} 14. Ne2 {[%clk 0:51:56]} exd4 {[%clk 1:10:23]} 15. Nexd4
{[%clk 0:43:43]} Nc5 {[%clk 1:06:44]} 16. Bf4 {[%clk 0:42:08]} Nfd7
{[%clk 0:57:35]} 17. a3 {[%clk 0:16:22]} Ne5 {[%clk 0:50:40]} 18. Bxe5
{[%clk 0:15:56]} dxe5 {[%clk 0:51:02]} 19. axb4 {[%clk 0:16:23]} Nxb3
{[%clk 0:50:54]} 20. Nxb3 {[%clk 0:16:49]} Bxb4 {[%clk 0:51:09]} 21. Red1
{[%clk 0:17:18]} Rb8 {[%clk 0:36:59]} 22. Ne1 {[%clk 0:16:00]} Be7
{[%clk 0:31:09]} 23. Nd3 {[%clk 0:15:48]} f6 {[%clk 0:25:40]} 24. Nbc5
{[%clk 0:13:34]} a5 {[%clk 0:17:39]} 25. Qc3 {[%clk 0:13:25]} Ra8
{[%clk 0:14:34]} 26. Nb3 {[%clk 0:08:26]} Be6 {[%clk 0:10:35]} 27. Rxa5
{[%clk 0:06:32]} Qb6 {[%clk 0:10:05]} 28. Rda1 {[%clk 0:04:59]} Rxa5
{[%clk 0:07:56]} 29. Rxa5 {[%clk 0:05:22]} Rd8 {[%clk 0:08:19]} 30. Nbc5
{[%clk 0:05:07]} Bf7 {[%clk 0:08:07]} 31. Ra6 {[%clk 0:02:52]} Qc7
{[%clk 0:08:08]} 32. b3 {[%clk 0:03:17]} h5 {[%clk 0:06:55]} 33. Qa5
{[%clk 0:02:51]} Qxa5 {[%clk 0:06:38]} 34. Rxa5 {[%clk 0:03:17]} h4
{[%clk 0:06:21]} 35. Ra7 {[%clk 0:01:51]} Bf8 {[%clk 0:05:53]} 36. f3
{[%clk 0:01:30]} Bd6 {[%clk 0:01:50]} 37. Kf2 {[%clk 0:01:15]} Rc8
{[%clk 0:01:51]} 38. Ke2 {[%clk 0:01:18]} Kf8 {[%clk 0:02:02]} 39. Nd7+
{[%clk 0:00:54]} Ke8 {[%clk 0:02:09]} 40. N7c5 {[%clk 0:30:47]} Be7
{[%clk 0:30:55]} 41. Na6 {[%clk 0:27:05]} Bd8 {[%clk 0:29:44]} 42. Rb7
{[%clk 0:25:22]} Ba5 {[%clk 0:29:04]} 43. Ndc5 {[%clk 0:24:47]} Kf8
{[%clk 0:27:38]} 44. Kd3 {[%clk 0:14:57]} Rd8+ {[%clk 0:26:08]} 45. Rd7
{[%clk 0:14:09]} Rxd7+ {[%clk 0:26:01]} 46. Nxd7+ {[%clk 0:14:31]} Ke7
{[%clk 0:26:22]} 47. Ndc5 {[%clk 0:10:29]} Be1 {[%clk 0:25:25]} 48. b4
{[%clk 0:10:03]} Be8 {[%clk 0:21:26]} 49. Ke2 {[%clk 0:06:32]} Bc3
{[%clk 0:21:24]} 50. Na4 {[%clk 0:06:57]} Bd4 {[%clk 0:21:10]} 51. N6c5
{[%clk 0:07:23]} Kd6 {[%clk 0:20:03]} 52. Nb3 {[%clk 0:07:45]} Bg1
{[%clk 0:20:17]} 53. Nc3 {[%clk 0:05:46]} Bf7 {[%clk 0:20:02]} 54. Kd3
{[%clk 0:06:10]} Bf2 {[%clk 0:18:43]} 55. Nd2 {[%clk 0:06:19]} Kd7
{[%clk 0:16:56]} 56. Nd1 {[%clk 0:06:15]} Bg1 {[%clk 0:14:44]} 57. Ne3
{[%clk 0:06:32]} g6 {[%clk 0:14:02]} 58. c5 {[%clk 0:04:47]} Be6 {[%clk 0:11:56]}
59. Ndc4 {[%clk 0:04:53]} Ke7 {[%clk 0:11:18]} 60. Na5 {[%clk 0:05:16]} Bd7
{[%clk 0:10:49]} 61. Nec4 {[%clk 0:05:25]} Bf2 {[%clk 0:10:31]} 62. Nb6
{[%clk 0:05:34]} Be8 {[%clk 0:10:38]} 63. Nc8+ {[%clk 0:05:32]} Kd8
{[%clk 0:11:02]} 64. Nd6 {[%clk 0:05:14]} Bd7 {[%clk 0:11:27]} 65. Kc3
{[%clk 0:02:25]} Kc7 {[%clk 0:09:45]} 66. Nac4 {[%clk 0:02:32]} Kd8
{[%clk 0:09:25]} 67. Kb3 {[%clk 0:02:50]} Be6 {[%clk 0:06:16]} 68. Ka4
{[%clk 0:03:10]} Kc7 {[%clk 0:05:27]} 69. Ka5 {[%clk 0:02:46]} Bd4
{[%clk 0:04:18]} 70. Ne8+ {[%clk 0:02:15]} Kd8 {[%clk 0:04:35]} 71. Ncd6
{[%clk 0:02:15]} Ke7 {[%clk 0:04:25]} 72. Kb6 {[%clk 0:02:02]} Bc3
{[%clk 0:04:18]} 73. Nc7 {[%clk 0:02:15]} Bb3 {[%clk 0:02:37]} 74. Kxc6
{[%clk 0:02:27]} 1-0

[Event "WCO 2016"]
[Site "?"]
[Date "2016.09.11"]
[Round "9"]
[Board "18"]
[WhiteID "14603853"]
[White "Lenic Luka"]
[BlackID "14117908"]
[Black "Kovalenko Igor"]
[Result "1/2-1/2"]
[BlackElo "2651"]
[WhiteElo "2622"]
[LiveChessVersion "1.4.8"]

1. d4 {[%clk 1:30:56]} e6 {[%clk 1:30:51]} 2. c4 {[%clk 1:31:12]} Nf6
{[%clk 1:31:19]} 3. Nc3 {[%clk 1:31:12]} Bb4 {[%clk 1:31:45]} 4. Qc2
{[%clk 1:31:33]} d6 {[%clk 1:32:11]} 5. Nf3 {[%clk 1:29:20]} Nbd7
{[%clk 1:31:47]} 6. g3 {[%clk 1:18:33]} b6 {[%clk 1:30:35]} 7. Bg2
{[%clk 1:18:59]} Bb7 {[%clk 1:30:34]} 8. O-O {[%clk 1:18:48]} O-O 9. b3
{[%clk 1:10:33]} Bxc3 {[%clk 1:29:29]} 10. Qxc3 {[%clk 1:10:58]} Qe7 11. Bb2 a5
{[%clk 1:28:52]} 12. Qc2 {[%clk 1:03:51]} Be4 {[%clk 1:24:14]} 13. Qd2
{[%clk 1:03:57]} Rad8 {[%clk 1:24:07]} 14. Rac1 {[%clk 1:02:28]} Rfe8
{[%clk 1:18:05]} 15. Rfe1 {[%clk 0:57:29]} h6 {[%clk 1:15:35]} 16. Qc3
{[%clk 0:57:05]} c5 {[%clk 1:13:37]} 17. Red1 {[%clk 0:50:39]} Qf8
{[%clk 1:09:34]} 18. Qe1 {[%clk 0:46:00]} Ra8 {[%clk 1:06:51]} 19. Bf1
{[%clk 0:37:04]} Bb7 {[%clk 1:06:16]} 20. Bg2 {[%clk 0:34:21]} Ra7
{[%clk 1:05:44]} 21. Nh4 {[%clk 0:32:14]} Bxg2 {[%clk 1:04:31]} 22. Kxg2
{[%clk 0:31:18]} Ne4 {[%clk 0:55:02]} 23. Nf3 {[%clk 0:25:37]} a4
{[%clk 0:54:56]} 24. Nd2 {[%clk 0:25:23]} Nef6 {[%clk 0:54:46]} 25. e4
{[%clk 0:23:32]} axb3 {[%clk 0:55:08]} 26. axb3 {[%clk 0:23:58]} Ra2
{[%clk 0:55:21]} 27. Bc3 {[%clk 0:23:25]} cxd4 {[%clk 0:54:14]} 28. Bxd4
{[%clk 0:22:10]} e5 {[%clk 0:53:52]} 29. Be3 {[%clk 0:20:47]} Rea8
{[%clk 0:53:16]} 30. Ra1 {[%clk 0:17:14]} Ng4 {[%clk 0:50:10]} 31. Nf1
{[%clk 0:14:58]} Nxe3+ {[%clk 0:45:39]} 32. Nxe3 {[%clk 0:15:14]} Nc5
{[%clk 0:46:07]} 33. Rxa2 {[%clk 0:12:49]} Rxa2 {[%clk 0:46:05]} 34. Nf5
{[%clk 0:12:21]} Qa8 {[%clk 0:37:28]} 35. Nxd6 {[%clk 0:12:45]} Nxb3
{[%clk 0:37:22]} 36. Rd5 {[%clk 0:08:32]} Nd4 {[%clk 0:34:04]} 37. Qd1
{[%clk 0:04:23]} Qa3 {[%clk 0:26:42]} 38. Nf5 {[%clk 0:02:11]} Qb2
{[%clk 0:26:28]} 39. Qe1 {[%clk 0:01:17]} Ra1 {[%clk 0:08:51]} 40. Qe3
{[%clk 0:31:40]} Ne6 {[%clk 0:38:43]} 41. Nxh6+ {[%clk 0:20:42]} gxh6
{[%clk 0:37:17]} 42. Qxh6 {[%clk 0:20:32]} Qc1 {[%clk 0:35:34]} 43. Qxc1
{[%clk 0:20:44]} Rxc1 {[%clk 0:35:59]} 44. Rxe5 {[%clk 0:21:13]} Nc7
{[%clk 0:35:53]} 45. Rg5+ {[%clk 0:20:31]} Kf8 {[%clk 0:29:52]} 46. h4
{[%clk 0:18:41]} Rxc4 {[%clk 0:30:18]} 47. h5 {[%clk 0:19:08]} Rc6
{[%clk 0:22:15]} 48. g4 {[%clk 0:17:11]} Rc5 {[%clk 0:13:36]} 49. Rxc5
{[%clk 0:14:35]} bxc5 {[%clk 0:14:04]} 50. Kf3 {[%clk 0:10:17]} Ne6
{[%clk 0:11:45]} 51. Ke3 {[%clk 0:10:16]} c4 {[%clk 0:04:19]} 52. e5
{[%clk 0:08:29]} Nc5 {[%clk 0:04:15]} 53. g5 {[%clk 0:05:40]} c3 {[%clk 0:03:26]}
54. f4 {[%clk 0:03:24]} Ne6 {[%clk 0:03:49]} 55. g6 {[%clk 0:02:43]} fxg6
{[%clk 0:01:02]} 56. hxg6 {[%clk 0:03:09]} Nxf4 {[%clk 0:01:30]} 57. e6
{[%clk 0:03:24]} Nxe6 {[%clk 0:01:58]} 58. Kd3 {[%clk 0:03:51]} Kg7
{[%clk 0:02:25]} 59. Kxc3 {[%clk 0:04:18]} Kxg6 {[%clk 0:02:52]} 1/2-1/2

[Event "WCO 2016"]
[Site "?"]
[Date "2016.09.11"]
[Round "9"]
[Board "19"]
[WhiteID "11601388"]
[White "Neiksans Arturs"]
[BlackID "14603152"]
[Black "Borisek Jure"]
[Result "1/2-1/2"]
[BlackElo "2558"]
[WhiteElo "2628"]
[LiveChessVersion "1.4.8"]

1. Nf3 {[%clk 1:30:56]} Nf6 {[%clk 1:30:52]} 2. c4 {[%clk 1:31:19]} c5
{[%clk 1:31:18]} 3. Nc3 {[%clk 1:31:44]} Nc6 {[%clk 1:31:44]} 4. d4
{[%clk 1:32:07]} cxd4 {[%clk 1:32:10]} 5. Nxd4 {[%clk 1:32:31]} e6
{[%clk 1:32:35]} 6. Bf4 {[%clk 1:32:52]} d5 {[%clk 1:32:32]} 7. e3
{[%clk 1:33:12]} Be7 {[%clk 1:16:56]} 8. Be2 {[%clk 1:30:24]} O-O
{[%clk 1:15:47]} 9. O-O {[%clk 1:30:48]} dxc4 {[%clk 1:06:21]} 10. Nxc6
{[%clk 1:27:29]} bxc6 {[%clk 1:06:47]} 11. Bxc4 {[%clk 0:59:31]} Nd5
{[%clk 1:00:30]} 12. Be5 {[%clk 0:59:12]} Qa5 {[%clk 0:51:39]} 13. Nxd5
{[%clk 0:56:20]} cxd5 {[%clk 0:46:35]} 14. Bd3 {[%clk 0:56:32]} Qd8
{[%clk 0:45:12]} 15. Qc2 {[%clk 0:47:51]} h6 {[%clk 0:44:32]} 16. Rac1
{[%clk 0:48:12]} a5 {[%clk 0:37:37]} 17. Qc3 {[%clk 0:44:18]} Bf6
{[%clk 0:26:13]} 18. Qc6 {[%clk 0:38:04]} Ra7 {[%clk 0:26:05]} 19. Qc5
{[%clk 0:22:07]} Rb7 {[%clk 0:23:41]} 20. Bc7 {[%clk 0:18:41]} Qd7
{[%clk 0:20:50]} 21. b3 {[%clk 0:14:01]} Bd8 {[%clk 0:19:15]} 22. Bxa5
{[%clk 0:11:40]} Bxa5 {[%clk 0:19:08]} 23. Qxa5 {[%clk 0:12:07]} Ra7
{[%clk 0:19:33]} 24. Qd2 {[%clk 0:09:48]} Ba6 {[%clk 0:19:11]} 25. Bxa6
{[%clk 0:10:02]} Rxa6 {[%clk 0:19:36]} 26. Rc2 {[%clk 0:10:29]} Rfa8
{[%clk 0:19:04]} 27. Rfc1 {[%clk 0:10:46]} Ra3 {[%clk 0:19:04]} 28. g3
{[%clk 0:09:44]} Qb7 {[%clk 0:15:31]} 29. Rc7 {[%clk 0:08:42]} Qb8
{[%clk 0:15:15]} 30. R7c2 {[%clk 0:06:37]} Kh7 {[%clk 0:09:58]} 31. h4
{[%clk 0:07:02]} Qe5 {[%clk 0:09:34]} 32. Rb2 {[%clk 0:04:47]} f5
{[%clk 0:08:03]} 33. Rcc2 {[%clk 0:03:59]} Qe4 {[%clk 0:07:43]} 34. Kh2
{[%clk 0:04:00]} e5 {[%clk 0:04:41]} 35. Qe2 {[%clk 0:04:14]} Rd8
{[%clk 0:04:35]} 36. Rd2 {[%clk 0:04:04]} Ra7 {[%clk 0:02:15]} 37. Rbc2
{[%clk 0:04:21]} Rad7 {[%clk 0:02:05]} 38. a3 {[%clk 0:03:15]} d4
{[%clk 0:01:58]} 39. exd4 {[%clk 0:03:38]} exd4 {[%clk 0:02:25]} 40. Qd3
{[%clk 0:33:36]} Rd5 {[%clk 0:31:17]} 41. Rc4 {[%clk 0:31:25]} Kh8
{[%clk 0:27:22]} 42. a4 {[%clk 0:30:37]} Qe7 {[%clk 0:26:58]} 43. Re2
{[%clk 0:28:22]} Qd6 {[%clk 0:25:19]} 44. Rc1 {[%clk 0:24:15]} Qf8
{[%clk 0:23:29]} 45. Rc7 {[%clk 0:23:32]} Rc5 {[%clk 0:23:19]} 46. Rxc5
{[%clk 0:21:31]} Qxc5 {[%clk 0:23:45]} 47. Rd2 {[%clk 0:20:31]} Rb8
{[%clk 0:18:16]} 48. Qxd4 {[%clk 0:07:28]} Qxd4 {[%clk 0:18:38]} 49. Rxd4
{[%clk 0:07:54]} Rxb3 {[%clk 0:19:04]} 50. Rd5 {[%clk 0:06:57]} f4
{[%clk 0:16:32]} 51. gxf4 {[%clk 0:07:15]} Rb4 {[%clk 0:16:29]} 52. a5
{[%clk 0:07:34]} Rxf4 {[%clk 0:16:53]} 53. Kg3 {[%clk 0:08:01]} Ra4
{[%clk 0:17:19]} 54. h5 {[%clk 0:08:17]} Kg8 {[%clk 0:15:29]} 55. Kf3
{[%clk 0:05:16]} g6 {[%clk 0:13:25]} 56. hxg6 {[%clk 0:01:36]} Kg7
{[%clk 0:13:43]} 57. Ke3 {[%clk 0:02:03]} Kxg6 {[%clk 0:13:56]} 58. f4
{[%clk 0:02:01]} h5 {[%clk 0:13:44]} 59. Kf3 {[%clk 0:00:51]} Ra3+
{[%clk 0:13:18]} 60. Ke4 {[%clk 0:00:44]} h4 {[%clk 0:13:36]} 61. Rd6+
{[%clk 0:01:12]} Kf7 {[%clk 0:12:44]} 62. a6 {[%clk 0:01:16]} h3 {[%clk 0:13:04]}
63. Kf5 {[%clk 0:01:21]} Ra5+ {[%clk 0:12:41]} 64. Kg4 {[%clk 0:01:41]} h2
{[%clk 0:13:08]} 65. Rh6 {[%clk 0:01:41]} Rxa6 {[%clk 0:13:20]} 66. Rxh2
{[%clk 0:02:07]} Ra5 {[%clk 0:13:35]} 67. Rb2 {[%clk 0:02:29]} Kf6
{[%clk 0:13:48]} 68. Rb6+ {[%clk 0:02:55]} Kf7 {[%clk 0:14:14]} 69. Rd6
{[%clk 0:03:11]} Rb5 {[%clk 0:14:33]} 70. Rc6 {[%clk 0:02:31]} Ra5
{[%clk 0:14:22]} 71. f5 {[%clk 0:02:08]} Ra1 {[%clk 0:14:11]} 72. Rc7+
{[%clk 0:02:32]} Kf6 {[%clk 0:14:37]} 73. Rc6+ {[%clk 0:02:59]} Kf7
{[%clk 0:15:03]} 1/2-1/2

[Event "WCO 2016"]
[Site "?"]
[Date "2016.09.11"]
[Round "9"]
[Board "20"]
[WhiteID "14602296"]
[White "Sebenik Matej"]
[BlackID "11602740"]
[Black "Meskovs Nikita"]
[Result "1-0"]
[BlackElo "2476"]
[WhiteElo "2526"]
[LiveChessVersion "1.4.8"]

1. Nf3 {[%clk 1:30:53]} Nf6 {[%clk 1:30:10]} 2. c4 {[%clk 1:31:15]} c5
{[%clk 1:29:55]} 3. Nc3 {[%clk 1:31:08]} Nc6 {[%clk 1:28:52]} 4. g3
{[%clk 1:31:28]} d5 {[%clk 1:25:34]} 5. d4 {[%clk 1:31:48]} e6 {[%clk 1:23:32]}
6. cxd5 {[%clk 1:31:56]} Nxd5 {[%clk 1:23:20]} 7. Bg2 {[%clk 1:31:59]} Nxc3
{[%clk 1:18:42]} 8. bxc3 {[%clk 1:32:23]} Be7 {[%clk 1:19:08]} 9. O-O
{[%clk 1:32:21]} O-O {[%clk 1:19:16]} 10. e4 {[%clk 1:31:11]} b6 {[%clk 1:14:43]}
11. d5 {[%clk 1:04:45]} Na5 {[%clk 1:09:03]} 12. Re1 {[%clk 1:02:31]} exd5
{[%clk 0:48:47]} 13. exd5 {[%clk 1:02:56]} Bf6 {[%clk 0:43:41]} 14. Ne5
{[%clk 1:00:35]} Bxe5 {[%clk 0:38:50]} 15. Rxe5 {[%clk 1:00:51]} Qf6
{[%clk 0:39:10]} 16. Bf4 {[%clk 0:55:38]} Nc4 {[%clk 0:28:27]} 17. Re1
{[%clk 0:52:19]} Bf5 {[%clk 0:22:01]} 18. Qe2 {[%clk 0:21:18]} Nd6
{[%clk 0:20:47]} 19. Qe7 {[%clk 0:18:51]} Qxe7 {[%clk 0:20:33]} 20. Rxe7
{[%clk 0:19:17]} Rfd8 {[%clk 0:19:50]} 21. Rae1 {[%clk 0:19:41]} h6
{[%clk 0:14:12]} 22. h4 {[%clk 0:18:47]} Kf8 {[%clk 0:07:34]} 23. a4
{[%clk 0:11:31]} Bc2 {[%clk 0:05:49]} 24. a5 {[%clk 0:09:21]} Bd3
{[%clk 0:01:57]} 25. Rc7 {[%clk 0:03:16]} Nb5 {[%clk 0:02:25]} 26. d6
{[%clk 0:01:58]} Nxc7 {[%clk 0:02:28]} 27. dxc7 {[%clk 0:02:25]} Re8
{[%clk 0:02:52]} 28. Rd1 {[%clk 0:02:32]} c4 {[%clk 0:01:06]} 29. Bd6+
{[%clk 0:02:32]} Kg8 {[%clk 0:01:35]} 30. Bxa8 {[%clk 0:01:52]} Rxa8
{[%clk 0:02:03]} 31. a6 {[%clk 0:02:17]} f5 {[%clk 0:00:56]} 32. f3
{[%clk 0:01:17]} Re8 {[%clk 0:00:47]} 33. Be7 {[%clk 0:01:30]} Rc8
{[%clk 0:01:16]} 34. Bd8 {[%clk 0:01:53]} Kf7 {[%clk 0:00:43]} 35. Re1
{[%clk 0:02:19]} b5 {[%clk 0:00:44]} 36. Re7+ {[%clk 0:01:09]} Kf8
{[%clk 0:00:49]} 37. Rd7 {[%clk 0:01:28]} Ke8 {[%clk 0:00:44]} 38. Rd5
{[%clk 0:01:24]} g5 {[%clk 0:00:33]} 39. hxg5 {[%clk 0:01:09]} hxg5
{[%clk 0:01:02]} 40. Kf2 {[%clk 0:31:09]} g4 {[%clk 0:30:35]} 41. fxg4
{[%clk 0:30:02]} fxg4 {[%clk 0:30:07]} 42. Ke3 {[%clk 0:27:09]} Bf1
{[%clk 0:24:12]} 43. Kd4 {[%clk 0:24:11]} b4 {[%clk 0:22:44]} 44. Kc5
{[%clk 0:22:54]} Bg2 {[%clk 0:10:14]} 45. Re5+ {[%clk 0:23:02]} Kf7
{[%clk 0:10:33]} 46. Kxb4 {[%clk 0:23:13]} Bc6 {[%clk 0:08:15]} 47. Kc5
{[%clk 0:22:24]} Ba4 {[%clk 0:04:50]} 48. Kxc4 {[%clk 0:19:12]} Bc2
{[%clk 0:04:04]} 49. Kc5 {[%clk 0:19:21]} Ba4 {[%clk 0:03:23]} 50. Kd6
{[%clk 0:19:17]} Kf8 {[%clk 0:02:16]} 51. Rf5+ {[%clk 0:18:46]} Kg7
{[%clk 0:01:53]} 52. c4 {[%clk 0:19:02]} Kg6 {[%clk 0:00:40]} 53. Rf6+
{[%clk 0:18:09]} Kg7 {[%clk 0:00:53]} 54. Rf2 {[%clk 0:18:34]} Be8
{[%clk 0:00:44]} 55. Rb2 {[%clk 0:17:08]} Bg6 {[%clk 0:01:02]} 56. Rb5
{[%clk 0:17:26]} 1-0

[Event "WCO 2016"]
[Site "?"]
[Date "2016.09.11"]
[Round "9"]
[Board "21"]
[WhiteID "24116068"]
[White "Giri Anish"]
[BlackID "309095"]
[Black "Navara David"]
[Result "1/2-1/2"]
[BlackElo "2742"]
[WhiteElo "2755"]
[LiveChessVersion "1.4.8"]

1. Nf3 {[%clk 1:30:58]} Nf6 {[%clk 1:30:49]} 2. c4 {[%clk 1:31:23]} c5
{[%clk 1:31:05]} 3. Nc3 {[%clk 1:31:15]} Nc6 {[%clk 1:31:28]} 4. g3
{[%clk 1:31:21]} g6 {[%clk 1:31:47]} 5. Bg2 {[%clk 1:31:44]} Bg7 {[%clk 1:32:12]}
6. d4 {[%clk 1:32:06]} cxd4 {[%clk 1:32:36]} 7. Nxd4 {[%clk 1:32:34]} O-O
{[%clk 1:32:55]} 8. O-O {[%clk 1:32:59]} Qa5 {[%clk 1:33:16]} 9. e3
{[%clk 1:31:25]} d6 {[%clk 1:33:39]} 10. Bd2 {[%clk 1:31:47]} Qa6
{[%clk 1:32:48]} 11. b3 {[%clk 1:24:42]} Bg4 {[%clk 1:33:03]} 12. Qe1
{[%clk 1:21:30]} Rac8 {[%clk 1:18:46]} 13. Nxc6 {[%clk 1:15:51]} bxc6
{[%clk 1:19:04]} 14. h3 {[%clk 1:16:05]} Bd7 {[%clk 1:13:48]} 15. e4
{[%clk 1:12:31]} c5 {[%clk 1:13:33]} 16. f4 {[%clk 1:10:24]} Bc6 {[%clk 1:13:21]}
17. e5 {[%clk 1:00:45]} dxe5 {[%clk 1:01:56]} 18. fxe5 {[%clk 0:58:03]} Nd7
{[%clk 1:02:17]} 19. e6 {[%clk 0:57:35]} Bd4+ {[%clk 0:53:52]} 20. Kh2
{[%clk 0:56:24]} Ne5 {[%clk 0:54:06]} 21. exf7+ {[%clk 0:53:28]} Rxf7
{[%clk 0:54:06]} 22. Rxf7 {[%clk 0:53:33]} Bxg2 {[%clk 0:50:21]} 23. Kxg2
{[%clk 0:40:26]} Kxf7 {[%clk 0:42:39]} 24. Qe4 {[%clk 0:38:33]} Qc6
{[%clk 0:42:42]} 25. Rf1+ {[%clk 0:37:23]} Kg7 {[%clk 0:42:05]} 26. Nd5
{[%clk 0:30:32]} e6 {[%clk 0:41:20]} 27. Qh4 {[%clk 0:18:06]} exd5
{[%clk 0:37:38]} 28. Qe7+ {[%clk 0:18:22]} Kg8 {[%clk 0:37:52]} 29. Bh6
{[%clk 0:18:48]} dxc4+ {[%clk 0:36:46]} 30. Kh2 {[%clk 0:19:15]} Nd7
{[%clk 0:35:12]} 31. Rf7 {[%clk 0:18:57]} Qd5 {[%clk 0:35:31]} 32. Rg7+
{[%clk 0:18:31]} Kh8 {[%clk 0:35:50]} 33. Rxh7+ {[%clk 0:18:40]} Kg8
{[%clk 0:36:14]} 34. Rg7+ {[%clk 0:13:29]} Kh8 {[%clk 0:36:35]} 35. Rh7+
{[%clk 0:09:32]} Kg8 {[%clk 0:36:57]} 36. Rg7+ {[%clk 0:08:45]} Kh8 1/2-1/2

[Event "WCO 2016"]
[Site "?"]
[Date "2016.09.11"]
[Round "9"]
[Board "22"]
[WhiteID "316385"]
[White "Laznicka Viktor"]
[BlackID "1007998"]
[Black "L'Ami Erwin"]
[Result "1-0"]
[BlackElo "2611"]
[WhiteElo "2651"]
[LiveChessVersion "1.4.8"]

1. d4 {[%clk 1:30:55]} f5 {[%clk 1:30:49]} 2. Nf3 {[%clk 1:30:39]} Nf6
{[%clk 1:31:01]} 3. g3 {[%clk 1:31:01]} e6 {[%clk 1:30:53]} 4. Bg2
{[%clk 1:30:39]} d5 {[%clk 1:31:08]} 5. c4 {[%clk 1:29:47]} Bd6 {[%clk 1:31:11]}
6. O-O {[%clk 1:23:16]} O-O {[%clk 1:31:24]} 7. b3 {[%clk 1:23:25]} b6
{[%clk 1:30:36]} 8. cxd5 {[%clk 1:23:38]} exd5 {[%clk 1:29:24]} 9. Ba3
{[%clk 1:23:08]} Ne4 {[%clk 1:27:21]} 10. Bxd6 {[%clk 1:20:24]} cxd6
{[%clk 1:25:21]} 11. Qc1 {[%clk 1:12:54]} Bb7 {[%clk 1:13:22]} 12. Nc3
{[%clk 1:03:32]} Nd7 {[%clk 1:12:41]} 13. Qb2 {[%clk 0:59:56]} Qe7
{[%clk 1:07:30]} 14. e3 {[%clk 0:57:46]} Ndf6 {[%clk 1:03:53]} 15. Rfc1
{[%clk 0:51:07]} Rac8 {[%clk 0:55:39]} 16. Nd1 {[%clk 0:47:06]} Ba6
{[%clk 0:48:15]} 17. Ne1 {[%clk 0:42:05]} Qd7 {[%clk 0:43:25]} 18. a4
{[%clk 0:39:50]} h5 {[%clk 0:37:14]} 19. Rxc8 {[%clk 0:35:47]} Rxc8
{[%clk 0:36:25]} 20. Rc1 {[%clk 0:36:15]} Rc7 {[%clk 0:33:30]} 21. f3
{[%clk 0:28:46]} Ng5 {[%clk 0:31:47]} 22. Rxc7 {[%clk 0:25:58]} Qxc7
{[%clk 0:31:50]} 23. h4 {[%clk 0:25:54]} Ne6 {[%clk 0:30:05]} 24. Bh3
{[%clk 0:22:56]} g6 {[%clk 0:30:04]} 25. Nc3 {[%clk 0:23:15]} Qe7
{[%clk 0:27:22]} 26. Qd2 {[%clk 0:20:48]} Nd8 {[%clk 0:23:56]} 27. Ne2
{[%clk 0:12:19]} Bxe2 {[%clk 0:21:34]} 28. Qxe2 {[%clk 0:12:48]} Nc6
{[%clk 0:21:21]} 29. Kf2 {[%clk 0:12:10]} a5 {[%clk 0:18:16]} 30. Nd3
{[%clk 0:12:16]} Kf7 {[%clk 0:17:38]} 31. Qc2 {[%clk 0:10:59]} Qb7
{[%clk 0:16:02]} 32. Bf1 {[%clk 0:11:19]} Kg7 {[%clk 0:14:20]} 33. Qc3
{[%clk 0:09:43]} Kf7 {[%clk 0:14:32]} 34. Be2 {[%clk 0:09:39]} Kg7
{[%clk 0:14:29]} 35. Nf4 {[%clk 0:06:53]} Kf7 {[%clk 0:14:18]} 36. Ba6
{[%clk 0:06:57]} 1-0